| 000 | 00633nam a2200229 i 4500 | ||
|---|---|---|---|
| 001 | C2-0223714 | ||
| 003 | PPAK | ||
| 005 | 20180728152458.0 | ||
| 008 | 000302s1979 my a|||| ||||| | may d | ||
| 040 |
_aPPAK _beng _cPPAK _erda |
||
| 082 | 0 | 4 |
_a630.71 _223 |
| 090 | 0 | 0 |
_a630.71 _bSIN _dKIH |
| 100 | 1 |
_aSingh, K.G., _eauthor |
|
| 245 | 1 | 0 | _aSains pertanian dewan 1 |
| 264 | 1 |
_aKuala Lumpur : _bDewan Bahasa dan Pustaka , _c1979 |
|
| 300 |
_ax, 123 pages : _billustrations ; _c24 cm |
||
| 336 |
_2rdacontent _atext |
||
| 337 |
_2rdamedia _aunmediated |
||
| 338 |
_2rdacarrier _avolume |
||
| 650 | 1 | 0 | _aAgriculture |
| 942 |
_ddc _cB |
||
| 999 |
_c144792 _d144792 |
||